000
00261nam a2200097Ia 4500
001
1153323
005
20250827011122.0
008
250824s9999 xx 000 0 und d
245
0
_a
GEÇECEK Mİ E5 8
_c
GÖKHAN ÇINAR
260
_b
DESTEK YAYINLARI
999
_c
1153323
_d
1153323